| 000 | 00998cam a2200313 a 4500 | ||
|---|---|---|---|
| 001 | 13274493 | ||
| 003 | OSt | ||
| 005 | 20160222135755.0 | ||
| 008 | 030714s2002 nyu j b 000 0 eng d | ||
| 010 | _a 2003272142 | ||
| 020 | _a9780439404631 | ||
| 035 | _a(OCoLC)ocm51101403 | ||
| 040 |
_aIHI _cIHI _dXY4 _dDLC |
||
| 042 |
_alccopycat _alcac |
||
| 050 | 0 | 0 |
_aBF 697 _b.K52 2002 |
| 082 |
_aFIC _bK56 2002 |
||
| 100 | 1 |
_aKim, Jeannie. _920235 |
|
| 245 | 1 | 0 |
_aSpirit _cby Jeannie Kim. |
| 260 |
_aNew York : _bScholastic Inc., _cc2002. |
||
| 300 |
_a152 p. ; _c20 cm. |
||
| 490 | 1 | _aThe whole you : a guide to life | |
| 650 | 0 |
_aIdentity (Psychology) _vJuvenile literature. _920238 |
|
| 800 | 1 |
_aKim, Jeannie. _tWhole you. _920239 |
|
| 856 | 4 | 2 |
_3Publisher description _uhttp://www.loc.gov/catdir/description/schol051/2003272142.html |
| 906 |
_a7 _bcbc _ccopycat _d2 _encip _f20 _gy-gencatlg |
||
| 942 |
_2lcc _cBK |
||
| 999 |
_c11437 _d11437 |
||